[Event "Gibraltar Challengers-B"]
[Site "Gibraltar"]
[Date "2008.01.30"]
[Round "4"]
[White "Haugstad, Espen"]
[Black "Edvardsen, Ingar"]
[Result "0-1"]
[WhiteElo "2042"]
[BlackElo "1972"]
[PlyCount "70"]
[EventDate "2008.01.27"]
[EventType "swiss"]
[EventRounds "5"]
[EventCountry "ENG"]
[SourceTitle "CBM 122 Extra"]
[Source "ChessBase"]
[SourceDate "2008.03.04"]
[SourceVersion "1"]
[SourceVersionDate "2008.03.04"]
[SourceQuality "1"]

1. d4 Nf6 2. c4 e6 3. Nc3 Bb4 4. f3 c5 5. a3 Bxc3+ 6. bxc3 cxd4 7. cxd4 d5 8. Bb2 0-0 9. Qd2 b6 10. e3 Ba6 11. Rc1 Nbd7 12. cxd5 Bxf1 13. Kxf1 exd5 14. a4 Re8 15. Kf2 Nf8 16. Ne2 Qd7 17. Qb4 Qf5 18. h3 Ne4+ 19. Ke1 Ng5 20. Qb3 Nxf3+ 21. gxf3 Qxf3 22. Rf1 Qxe3 23. Qxe3 Rxe3 24. Rc7 Rae8 25. Rf2 Ne6 26. Rcxf7 Rxe2+ 27. Kxe2 Ng5+ 28. Kd3 Nxf7 29. Rf5 Rd8 30. Ba3 Rd7 31. Kc3 g6 32. Rf6 Ng5 33. Rf8+ Kg7 34. h4 Ne4+ 35. Kd3 Rf7 0-1

[Event "Gibraltar Masters 6th"]
[Site "Gibraltar"]
[Date "2008.01.28"]
[Round "7"]
[White "Compton, Alistair"]
[Black "Edvardsen, Ingar"]
[Result "1-0"]
[WhiteElo "2132"]
[BlackElo "1972"]
[PlyCount "39"]
[EventDate "2008.01.22"]
[EventType "swiss"]
[EventRounds "10"]
[EventCountry "ENG"]
[SourceTitle "CBM 122 Extra"]
[Source "ChessBase"]
[SourceDate "2008.03.04"]
[SourceVersion "1"]
[SourceVersionDate "2008.03.04"]
[SourceQuality "1"]

1. e4 c5 2. Nc3 Nc6 3. Bb5 e6 4. Nge2 Nge7 5. d4 cxd4 6. Nxd4 e5 7. Nxc6 Nxc6 8. Be3 Be7 9. 0-0 0-0 10. f4 d6 11. f5 a6 12. Bc4 Bf6 13. Nd5 b5 14. Nxf6+ Qxf6 15. Bd5 Bd7 16. Qh5 g6 17. fxg6 Qxg6 18. Qxg6+ hxg6 19. Rf6 Kg7 20. Rxd6 1-0

[Event "Gibraltar Masters 6th"]
[Site "Gibraltar"]
[Date "2008.01.25"]
[Round "4"]
[White "Van den Bersselaar, Jeroen"]
[Black "Edvardsen, Ingar"]
[Result "1-0"]
[WhiteElo "2164"]
[BlackElo "1972"]
[PlyCount "67"]
[EventDate "2008.01.22"]
[EventType "swiss"]
[EventRounds "10"]
[EventCountry "ENG"]
[SourceTitle "CBM 122 Extra"]
[Source "ChessBase"]
[SourceDate "2008.03.04"]
[SourceVersion "1"]
[SourceVersionDate "2008.03.04"]
[SourceQuality "1"]

1. d4 Nf6 2. c4 e6 3. Nc3 Bb4 4. e3 0-0 5. Nge2 b6 6. a3 Bxc3+ 7. Nxc3 Bb7 8. d5 d6 9. Be2 Nbd7 10. 0-0 a5 11. e4 e5 12. Be3 Nc5 13. Qc2 a4 14. Bxc5 bxc5 15. f3 c6 16. Nxa4 cxd5 17. exd5 Nh5 18. Nc3 f5 19. g3 Qg5 20. Kh1 Nxg3+ 21. hxg3 Qxg3 22. Bd3 Rf6 23. Qg2 Qh4+ 24. Qh2 Qd4 25. Bxf5 Rxf5 26. Ne4 Rf4 27. Rg1 Raf8 28. Rg2 Rxf3 29. Qh6 Rh3+ 30. Qxh3 Qxe4 31. Qe6+ Kh8 32. Qe7 Rg8 33. Rf1 Qxc4 34. Qxg7+ 1-0

[Event "Gibraltar Challengers"]
[Site "Gibraltar"]
[Date "2008.01.24"]
[Round "3"]
[White "Hansen, Pal Andreas"]
[Black "Edvardsen, Ingar"]
[Result "1-0"]
[WhiteElo "2108"]
[BlackElo "1972"]
[PlyCount "73"]
[EventDate "2008.01.22"]
[EventType "swiss"]
[EventRounds "5"]
[EventCountry "ENG"]
[SourceTitle "CBM 122 Extra"]
[Source "ChessBase"]
[SourceDate "2008.03.04"]
[SourceVersion "1"]
[SourceVersionDate "2008.03.04"]
[SourceQuality "1"]

1. e4 c5 2. Nf3 Nc6 3. d4 cxd4 4. Nxd4 Nf6 5. Nc3 e5 6. Ndb5 d6 7. Bg5 a6 8. Na3 b5 9. Nd5 Be7 10. Bxf6 Bxf6 11. c3 0-0 12. Nc2 Bg5 13. a4 bxa4 14. Rxa4 a5 15. Bc4 Kh8 16. Nce3 Be6 17. 0-0 Ne7 18. Nxe7 Bxe7 19. Bd5 Rb8 20. b3 Qd7 21. Nc4 Bxd5 22. Qxd5 Rxb3 23. Rxa5 Qb7 24. Nxd6 Qxd5 25. Rxd5 Rxc3 26. Nf5 Bf6 27. Ne3 h5 28. Rb5 Re8 29. Nd5 Rc6 30. g3 g6 31. Ra1 Bg7 32. Ra7 Rc4 33. Rxf7 Rf8 34. Rxf8+ Bxf8 35. Rb8 Kg7 36. Rb7+ Kh8 37. Nf6 1-0

[Event "Gibraltar Masters 6th"]
[Site "Gibraltar"]
[Date "2008.01.22"]
[Round "1"]
[White "Edvardsen, Ingar"]
[Black "Lazarus, Benjamin"]
[Result "0-1"]
[WhiteElo "1972"]
[BlackElo "2143"]
[PlyCount "58"]
[EventDate "2008.01.22"]
[EventType "swiss"]
[EventRounds "10"]
[EventCountry "ENG"]
[SourceTitle "CBM 122 Extra"]
[Source "ChessBase"]
[SourceDate "2008.03.04"]
[SourceVersion "1"]
[SourceVersionDate "2008.03.04"]
[SourceQuality "1"]

1. e4 e6 2. Nc3 d5 3. Nf3 Nf6 4. e5 Nfd7 5. d4 c5 6. Be3 Nc6 7. Bb5 cxd4 8. Bxd4 Nxd4 9. Nxd4 a6 10. Bxd7+ Bxd7 11. Qd2 Bc5 12. Nb3 Ba7 13. f4 0-0 14. 0-0-0 Qc7 15. g4 b5 16. Rhf1 a5 17. Rde1 b4 18. Nd1 a4 19. Nd4 Rfc8 20. Ne3 a3 21. b3 Qc3 22. Qxc3 Rxc3 23. Nd1 Bxd4 24. Nxc3 Bxc3 25. Rd1 Bb5 26. Rf2 Kf8 27. f5 Ke7 28. f6+ gxf6 29. Rxf6 Bxe5 0-1

[Event "Calvia op 4th"]
[Site "Calvia"]
[Date "2007.10.17"]
[Round "3"]
[White "Edvardsen, Ingar"]
[Black "Dominguez Almansa, Flora"]
[Result "1-0"]
[WhiteElo "1941"]
[BlackElo "1408"]
[PlyCount "59"]
[EventDate "2007.10.15"]
[EventType "swiss"]
[EventRounds "9"]
[EventCountry "ESP"]
[SourceTitle "CBM 120 Extra"]
[Source "ChessBase"]
[SourceDate "2007.11.01"]
[SourceVersion "1"]
[SourceVersionDate "2007.11.01"]
[SourceQuality "1"]

1. e4 e5 2. Nf3 Nc6 3. Bb5 a6 4. Ba4 Nf6 5. 0-0 b5 6. Bb3 Be7 7. Re1 0-0 8. c3 d6 9. d4 Bg4 10. d5 Nb8 11. a4 Nbd7 12. a5 Re8 13. Nbd2 Bf8 14. h3 Bh5 15. Nf1 Nc5 16. Bc2 h6 17. b4 Ncd7 18. g4 Bg6 19. Ng3 Nh7 20. Kh1 Be7 21. Nf5 Bxf5 22. gxf5 Ng5 23. Nxg5 Bxg5 24. Rg1 Bf6 25. Bxh6 g6 26. fxg6 Nf8 27. gxf7+ Kxf7 28. Qh5+ Ke7 29. Bg7 Kd7 30. Qf5+ 1-0

[Event "Chigorin Memorial-B 14th"]
[Site "St Petersburg"]
[Date "2006.10.24"]
[Round "2"]
[White "Bogdanov, Andrei"]
[Black "Edvardsen, Ingar"]
[Result "1-0"]
[WhiteElo "2093"]
[BlackElo "1938"]
[PlyCount "113"]
[EventDate "2006.10.23"]
[EventType "swiss"]
[EventRounds "9"]
[EventCountry "RUS"]
[SourceTitle "EXT 2007"]
[Source "ChessBase"]
[SourceDate "2006.11.23"]
[SourceVersion "1"]
[SourceVersionDate "2006.11.23"]
[SourceQuality "1"]

1. e4 c5 2. Nc3 Nc6 3. g3 g6 4. Bg2 Bg7 5. d3 d6 6. Be3 Nf6 7. h3 a6 8. Qd2 e5 9. Nge2 Be6 10. 0-0 Qd7 11. Kh2 0-0 12. f4 Kh8 13. f5 gxf5 14. Bh6 Ne8 15. exf5 Bxf5 16. Nd5 Rd8 17. Bxg7+ Nxg7 18. Nf6 Qe6 19. Qh6 Bg6 20. Bd5 Nf5 21. Qxf8+ Rxf8 22. Bxe6 fxe6 23. Ne4 Rd8 24. Rf3 Nb4 25. c3 Nc2 26. Raf1 Nce3 27. Rc1 Nd5 28. g4 Nh4 29. Rf2 Bxe4 30. dxe4 Ne3 31. Kg3 Ng6 32. Rf3 Nc4 33. h4 Nd2 34. Re3 Nc4 35. Rd3 Nxb2 36. Rf3 Nc4 37. h5 Nf8 38. Rd1 b5 39. Nc1 a5 40. Nd3 Nd7 41. Nf2 b4 42. g5 Kg7 43. Ng4 Rf8 44. Rxf8 Nxf8 45. cxb4 axb4 46. Nf6 Kf7 47. Rf1 Kg7 48. Ne8+ Kg8 49. Nf6+ Kg7 50. Ne8+ Kg8 51. Nf6+ Kg7 52. Rf2 Na5 53. Ne8+ Kg8 54. Nxd6 c4 55. Nf7 Nc6 56. Nh6+ Kg7 57. Rf7+ 1-0

[Event "Gausdal Elo op"]
[Site "Gausdal"]
[Date "2006.04.23"]
[Round "1"]
[White "Edvardsen, Ingar"]
[Black "Johansson, Per"]
[Result "1/2-1/2"]
[WhiteElo "1647"]
[BlackElo "1996"]
[PlyCount "62"]
[EventDate "2006.04.23"]
[EventType "swiss"]
[EventRounds "9"]
[EventCountry "NOR"]
[SourceTitle "EXT 2007"]
[Source "ChessBase"]
[SourceDate "2006.11.23"]
[SourceVersion "1"]
[SourceVersionDate "2006.11.23"]
[SourceQuality "1"]

1. e4 c6 2. d4 d5 3. Nc3 dxe4 4. Nxe4 Nf6 5. Nxf6+ gxf6 6. g3 Qd5 7. Nf3 Bf5 8. c3 Nd7 9. Bg2 Qc4 10. Bf1 Qd5 11. Bg2 Qb5 12. Bf1 Qd5 13. Bg2 Be4 14. 0-0 e6 15. Re1 f5 16. Bf4 Be7 17. Qe2 h5 18. Red1 0-0-0 19. b4 Nb6 20. Ne1 Bxg2 21. Nxg2 Nc4 22. Ne3 Nxe3 23. Qxe3 h4 24. Qe5 Qxe5 25. Bxe5 f6 26. Bf4 Bd6 27. Bxd6 Rxd6 28. Re1 hxg3 29. hxg3 Kd7 30. Kg2 Re8 31. f4 Rd5 1/2-1/2

[Event "Sandefjord MGP"]
[Site "Sandefjord"]
[Date "2003.10.18"]
[Round "2"]
[White "Nygaard, Timmie"]
[Black "Edvardsen, Ingar"]
[Result "0-1"]
[WhiteElo "741"]
[BlackElo "1146"]
[PlyCount "58"]
[EventDate "2003.10.??"]
[EventType "swiss"]
[EventRounds "4"]
[EventCountry "NOR"]
[SourceTitle "EXT 2005"]
[Source "ChessBase"]
[SourceDate "2004.11.15"]
[SourceVersion "1"]
[SourceVersionDate "2004.11.15"]
[SourceQuality "1"]

1. e4 Nf6 2. Nc3 d5 3. e5 Nfd7 4. d4 e6 5. a3 Be7 6. Nf3 c5 7. Be3 Nc6 8. Be2 a6 9. 0-0 0-0 10. b3 cxd4 11. Bxd4 Nxd4 12. Qxd4 f6 13. Bd3 fxe5 14. Nxe5 Bc5 15. Qg4 Nxe5 16. Bxh7+ Kxh7 17. Qh5+ Kg8 18. Qxe5 Qb6 19. Qe2 Qc7 20. Nd1 e5 21. c3 e4 22. Qh5 Be6 23. Qe2 Rf6 24. Ra2 Rg6 25. Re1 Bg4 26. Qd2 Bf3 27. g3 Rxg3+ 28. hxg3 Qxg3+ 29. Kf1 Qg2# 0-1

[Event "Sandefjord op"]
[Site "Sandefjord"]
[Date "2002.10.13"]
[Round "5"]
[White "Christenson, Thor"]
[Black "Edvardsen, Ingar"]
[Result "1-0"]
[WhiteElo "1431"]
[BlackElo "913"]
[PlyCount "91"]
[EventDate "2002.10.??"]
[EventType "swiss"]
[EventRounds "5"]
[EventCountry "NOR"]
[SourceTitle "EXT 2005"]
[Source "ChessBase"]
[SourceDate "2004.11.15"]
[SourceVersion "1"]
[SourceVersionDate "2004.11.15"]
[SourceQuality "1"]

1. e4 e5 2. f4 Nc6 3. Nf3 d6 4. Bc4 Bg4 5. h3 Bxf3 6. Qxf3 Nd4 7. Qd3 Nf6 8. c3 Nc6 9. Qf3 Be7 10. 0-0 Qd7 11. d3 0-0-0 12. f5 d5 13. Bb3 Bc5+ 14. Kh1 g6 15. Bg5 Be7 16. Bxf6 Bxf6 17. Bxd5 gxf5 18. Qxf5 Qxf5 19. Rxf5 Rd6 20. Nd2 Ne7 21. Rf3 Rf8 22. Bb3 Ng6 23. Nc4 Rc6 24. Raf1 Nf4 25. g3 Nh5 26. Ne3 Bg5 27. Nf5 Rg6 28. Bd1 Bd8 29. d4 exd4 30. cxd4 b6 31. e5 c5 32. Rc3 Kb8 33. Bxh5 cxd4 34. Nxd4 Rg5 35. Bg4 Bc7 36. Nc6+ Kb7 37. e6 f5 38. e7 Re8 39. Rxf5 Rg7 40. Kg2 Bd6 41. Rf8 Rexe7 42. Nxe7 Rxe7 43. Bf3+ Ka6 44. Rf5 Rg7 45. Be2+ Kb7 46. Bh5 1-0

[Event "Baerum NTG GP"]
[Site "Baerum"]
[Date "2002.09.14"]
[Round "2"]
[White "Edvardsen, Ingar"]
[Black "Lie, Bjoern"]
[Result "0-1"]
[WhiteElo "913"]
[BlackElo "1156"]
[PlyCount "84"]
[EventDate "2002.09.??"]
[EventType "swiss"]
[EventRounds "5"]
[EventCountry "NOR"]
[SourceTitle "EXT 2005"]
[Source "ChessBase"]
[SourceDate "2004.11.15"]
[SourceVersion "1"]
[SourceVersionDate "2004.11.15"]
[SourceQuality "1"]

1. e4 c5 2. Nf3 Nc6 3. d4 cxd4 4. Nxd4 g6 5. Nc3 Bg7 6. Nxc6 bxc6 7. Bc4 d6 8. f4 Bd7 9. Qf3 Nf6 10. e5 Ng4 11. h3 Nh6 12. g4 Qb6 13. Bb3 Rb8 14. exd6 e6 15. Be3 c5 16. Rd1 Bc6 17. Qf1 Bxh1 18. Qxh1 0-0 19. Qg1 Qb4 20. Bd2 Bxc3 21. bxc3 Qe4+ 22. Be3 a5 23. c4 f5 24. g5 Nf7 25. a4 Rfd8 26. Rd2 Rxd6 27. Re2 Rbd8 28. Kf2 Rd1 29. Qg2 Nd6 30. Bxc5 Qxf4+ 31. Qf3 Ne4+ 32. Rxe4 Qxf3+ 33. Kxf3 fxe4+ 34. Kxe4 Re1+ 35. Kf3 e5 36. Bb6 Rf8+ 37. Kg2 Re2+ 38. Kg3 Rf5 39. h4 e4 40. Bxa5 Rxa5 41. c5+ Kf8 42. c6 Rc5 0-1